000 00676nam a2200193Ii 4500
003 JO-AjNU
008 230605s9999||||xx |||||||||||||| ||und||
040 _aJO-AjNU
_bara
_erda
_cJO-AjNU
041 _aara
050 1 4 _aLB1051.A286 2004
100 3 _aأبو حويج،مروان مؤلف/أبو مغلي،سمير م.مشارك,
_eauthor
_930998
245 0 0 _aالمدخل إلى علم النفس التربوي
264 3 1 _aعمان:دار اليازوري العلمية،2004
300 _a291ص
336 _atext
_btxt
_2rdacontent
337 _aunmediated
_bn
_2rdamedia
338 _avolume
_bnc
_2rdacarrier
650 4 _aعلم النفس التربوي
_930999
999 _aA12351
_c15919
_d15919